[Event "Open Alimini A"]
[Site "Otranto ITA"]
[Date "2011.05.22"]
[Round "2"]
[White "Messina, Roberta"]
[Black "Navarro Lopez-Menchero, Daniel"]
[WhiteElo "1897"]
[BlackElo "2137"]
[Result "1/2-1/2"]
[PlyCount "97"]
[EventDate "2011.05.21"]

1. d4 d5 2. Nc3 Nf6 3. Bg5 c6 4. Nf3 Qb6 5. Bxf6 exf6 6. Rb1 Qa5 7. Qd3 b5 8.
a3 Na6 9. e4 b4 10. axb4 Nxb4 11. Qe2 Ba6 12. Qd2 dxe4 13. Bxa6 exf3 14. Bf1
Be7 15. gxf3 Rd8 16. Rc1 O-O 17. Bc4 Qf5 18. f4 Bd6 19. Ne2 Rfe8 20. O-O Qg4+
21. Ng3 Nd5 22. Bxd5 Bxf4 23. Bxf7+ Kxf7 24. Qd1 Qh4 25. Ra1 Re7 26. c3 Rd5 27.
Qf3 g6 28. Rfe1 Rc7 29. Ra6 Qg5 30. Rea1 h5 31. Kf1 Rdd7 32. R1a5 f5 33. Rxc6
h4 34. Rxc7 Bxc7 35. Rd5 Qd8 36. Rxd7+ Qxd7 37. Ne2 Qd6 38. h3 Kf6 39. c4 Qa6
40. Qc3 g5 41. b3 g4 42. Qe3 Kf7 43. Qg5 Qa1+ 44. Nc1 gxh3 45. Qxf5+ Ke7 46.
Qg5+ Kd7 47. Qf5+ Kd8 48. Qf8+ Kd7 49. Qf5+ 1/2-1/2

[Event "Open Alimini A"]
[Site "Otranto ITA"]
[Date "2011.05.22"]
[Round "2"]
[White "Orsi, Massimiliano"]
[Black "Casadei, Mauro"]
[WhiteElo "2037"]
[BlackElo "2174"]
[Result "0-1"]
[PlyCount "42"]
[EventDate "2011.05.21"]

1. e4 e5 2. f4 Bc5 3. Nf3 d6 4. Nc3 Nf6 5. Bc4 Nc6 6. d3 Bg4 7. h3 Bxf3 8. Qxf3
O-O 9. f5 Nd4 10. Qg3 Nxc2+ 11. Kd1 Nxa1 12. Bg5 c6 13. Kc1 b5 14. Bxb5 cxb5
15. Bh6 Nh5 16. Qg4 f6 17. Kb1 Kh8 18. Bc1 Nf4 19. Rd1 b4 20. Na4 Bd4 21. g3
Qa5 0-1

[Event "Open Alimini A"]
[Site "Otranto ITA"]
[Date "2011.05.22"]
[Round "2"]
[White "Piscopo, Pierluigi"]
[Black "Korneev, Oleg"]
[WhiteElo "2417"]
[BlackElo "2573"]
[Result "0-1"]
[PlyCount "70"]
[EventDate "2011.05.21"]

1. e4 e5 2. Nf3 Nc6 3. Bc4 Bc5 4. b4 Bxb4 5. c3 Ba5 6. d4 exd4 7. Qb3 Qe7 8.
O-O Bb6 9. Ba3 d6 10. e5 Na5 11. Qb4 Nxc4 12. Qxc4 Be6 13. Qd3 Bc5 14. cxd4
Bxa3 15. Nxa3 d5 16. Rab1 c6 17. Qb3 Rc8 18. Qa4 b6 19. Rb3 Qd7 20. Nh4 Ne7 21.
Rg3 O-O 22. Nc2 c5 23. Qa3 Nf5 24. Nxf5 Bxf5 25. Ne1 cxd4 26. Nf3 d3 27. Nd4
Bg6 28. f4 Rc4 29. f5 Rxd4 30. e6 fxe6 31. Qxf8+ Kxf8 32. fxe6+ Ke7 33. exd7 d2
34. Rd1 Bc2 35. Rxg7+ Kd8 0-1

[Event "Open Alimini A"]
[Site "Otranto ITA"]
[Date "2011.05.22"]
[Round "2"]
[White "Pizzuto, Samuele Tullio"]
[Black "Palmitessa, Chiara"]
[WhiteElo "2136"]
[BlackElo "1927"]
[Result "1-0"]
[PlyCount "101"]
[EventDate "2011.05.21"]

1. e4 e5 2. Nc3 Nf6 3. Nf3 Nc6 4. g3 Bb4 5. Bg2 d6 6. d3 Be6 7. O-O Qd7 8. Ng5
Bg4 9. f3 Bc5+ 10. Kh1 Bh5 11. Na4 h6 12. Nh3 g5 13. Nxc5 dxc5 14. Ng1 O-O-O
15. Be3 Nd4 16. a3 Qa4 17. b3 Qb5 18. Rb1 Kb8 19. Ne2 Nxe2 20. Qxe2 Nxe4 21. c4
Nc3 22. Qc2 Qd7 23. Qxc3 Qxd3 24. Qxd3 Rxd3 25. Bxc5 Rhd8 26. Kg1 Bg6 27. Rb2
f5 28. Re1 Re8 29. Re3 Rd1+ 30. Kf2 a5 31. Re1 Rd3 32. Be3 e4 33. f4 g4 34. Bf1
Rd7 35. b4 axb4 36. axb4 Red8 37. Ra1 Rd1 38. Rxd1 Rxd1 39. Rd2 Rxd2+ 40. Bxd2
Bf7 41. Ke3 Kc8 42. Kd4 Kd7 43. Ke5 Be6 44. c5 Ke7 45. b5 c6 46. bxc6 bxc6 47.
Ba6 h5 48. Ba5 e3 49. Kd4 Bd5 50. Kxe3 Be4 51. Kd4 1-0

[Event "Open Alimini A"]
[Site "Otranto ITA"]
[Date "2011.05.22"]
[Round "2"]
[White "Sreeves, Clement"]
[Black "Virzi, Ettore"]
[WhiteElo "2173"]
[BlackElo "1963"]
[Result "1-0"]
[PlyCount "57"]
[EventDate "2011.05.21"]

1. e4 e5 2. Nf3 Nc6 3. Bb5 a6 4. Ba4 Nf6 5. O-O b5 6. Bb3 Bc5 7. c3 d6 8. d3 h6
9. Nbd2 O-O 10. h3 Bb6 11. Re1 Ne7 12. Nf1 Ng6 13. Ng3 Nh7 14. a4 Rb8 15. axb5
axb5 16. d4 Bd7 17. Be3 Re8 18. Qd2 exd4 19. cxd4 c5 20. dxc5 dxc5 21. Rad1 Nf6
22. Bxh6 c4 23. Bxg7 Kxg7 24. e5 Ng8 25. Nh5+ Kf8 26. Ng5 Nh6 27. Nh7+ Kg8 28.
Qxh6 Bxf2+ 29. Kh1 1-0

[Event "Open Alimini A"]
[Site "Otranto ITA"]
[Date "2011.05.23"]
[Round "3"]
[White "Adrian, Claude"]
[Black "Lanzani, Giuliano"]
[WhiteElo "2267"]
[BlackElo "1970"]
[Result "1-0"]
[PlyCount "47"]
[EventDate "2011.05.21"]

1. c4 Nf6 2. Nc3 g6 3. g3 d5 4. cxd5 Nxd5 5. Bg2 Nb6 6. d3 Bg7 7. Be3 Nc6 8.
Bxc6+ bxc6 9. Qd2 Nd5 10. Bh6 Bxh6 11. Qxh6 Nxc3 12. Qg7 Rf8 13. Qxc3 Qd6 14.
Rc1 Bb7 15. Nf3 Qe6 16. O-O Qh3 17. Qc5 O-O-O 18. Qxa7 Rd5 19. Rc4 Qe6 20. Rfc1
g5 21. Rb4 Rb5 22. Nd4 Qd6 23. Rxb5 cxb5 24. Nxb5 1-0

[Event "Open Alimini A"]
[Site "Otranto ITA"]
[Date "2011.05.23"]
[Round "3"]
[White "Bonanno, Alessandro"]
[Black "Messina, Roberta"]
[WhiteElo "2142"]
[BlackElo "1897"]
[Result "1-0"]
[PlyCount "55"]
[EventDate "2011.05.21"]

1. e4 c5 2. Nf3 d6 3. d4 cxd4 4. Nxd4 Nf6 5. Nc3 a6 6. Qf3 e5 7. Nf5 Be6 8. Bg5
h6 9. Bxf6 Qxf6 10. O-O-O Qd8 11. Ne3 b5 12. Ncd5 Nd7 13. Kb1 Rc8 14. Bd3 Nb6
15. Qe2 Be7 16. g3 O-O 17. f4 Rc5 18. fxe5 Nxd5 19. exd5 Bc8 20. e6 fxe6 21.
Qg4 exd5 22. Qg6 Rf6 23. Qh7+ Kf8 24. Rhf1 d4 25. Bg6 Be6 26. Ng4 Bg8 27. Qh8
Rg5 28. Nxh6 1-0

[Event "Open Alimini A"]
[Site "Otranto ITA"]
[Date "2011.05.23"]
[Round "3"]
[White "Brunello, Sabino"]
[Black "Sbarra, Marco"]
[WhiteElo "2537"]
[BlackElo "2278"]
[Result "1-0"]
[PlyCount "111"]
[EventDate "2011.05.21"]

1. c4 e6 2. g3 d5 3. Nf3 c5 4. Bg2 Nc6 5. O-O Nf6 6. b3 d4 7. e3 e5 8. exd4
exd4 9. d3 Be7 10. Na3 O-O 11. Nc2 Bf5 12. a3 Qd7 13. Re1 Rfe8 14. Rb1 a5 15.
Bf4 Bd6 16. Bg5 Ng4 17. Rxe8+ Rxe8 18. Nh4 h6 19. Bc1 Nce5 20. Ne1 Bh7 21. h3
Nf6 22. Bf4 Nc6 23. Bd2 Qc7 24. f4 Qe7 25. Bf1 Kh8 26. Qf3 Nd7 27. Kh2 f5 28.
Nc2 Nf6 29. Re1 Qd7 30. Bg2 Rxe1 31. Bxe1 Qe7 32. Bd2 Ne4 33. dxe4 fxe4 34. Qg4
e3 35. Qc8+ Qd8 36. Qxd8+ Nxd8 37. Nxe3 dxe3 38. Bxe3 Bc2 39. Nf3 Bxb3 40. Nd2
Ba2 41. Ne4 Bc7 42. Nxc5 Bb6 43. Bd5 a4 44. Bg1 Bxc5 45. Bxc5 b5 46. Kg2 bxc4
47. Kf3 Bb3 48. Ke3 c3 49. Be4 Ne6 50. Bb6 Kg8 51. Kd3 c2 52. Kd2 h5 53. Bxc2
Bxc2 54. Kxc2 h4 55. f5 Ng5 56. Be3 1-0

[Event "Open Alimini A"]
[Site "Otranto ITA"]
[Date "2011.05.23"]
[Round "3"]
[White "Bruno, Fabio"]
[Black "Conquest, Stuart C."]
[WhiteElo "2459"]
[BlackElo "2532"]
[Result "1-0"]
[PlyCount "47"]
[EventDate "2011.05.21"]

1. d4 g6 2. c4 Bg7 3. Nc3 c5 4. Nf3 cxd4 5. Nxd4 Nc6 6. Nc2 b6 7. Bd2 Bb7 8. e4
Rc8 9. Be2 Na5 10. b3 Nf6 11. f3 O-O 12. Rc1 a6 13. O-O e6 14. Bg5 Qc7 15. Qd2
Rfd8 16. Bf4 d6 17. Rfd1 Nh5 18. Bg5 Rd7 19. Nd4 Qb8 20. Na4 Ba8 21. Be3 Bf6
22. Nxe6 fxe6 23. Nxb6 Rb7 24. Nxc8 1-0

[Event "Open Alimini A"]
[Site "Otranto ITA"]
[Date "2011.05.23"]
[Round "3"]
[White "Casadei, Mauro"]
[Black "Zielinski, Werner"]
[WhiteElo "2174"]
[BlackElo "2137"]
[Result "1/2-1/2"]
[PlyCount "71"]
[EventDate "2011.05.21"]

1. c4 e5 2. g3 Nf6 3. Bg2 d5 4. cxd5 Nxd5 5. Nc3 Nb6 6. Nf3 Nc6 7. O-O Be7 8.
a3 a5 9. d3 O-O 10. Be3 Be6 11. Bxb6 cxb6 12. Nd2 f6 13. Nc4 Bc5 14. Ne4 Qe7
15. Nxc5 bxc5 16. Rc1 Rfd8 17. Bxc6 bxc6 18. Qa4 Bh3 19. Rfe1 Qe6 20. f3 f5 21.
Nb6 Rd4 22. Rc4 Rad8 23. Rxd4 Rxd4 24. Qxa5 Qd6 25. Qc3 h5 26. Qb3+ Kf8 27. Nc4
Qd5 28. Qb8+ Kf7 29. Nxe5+ Kf6 30. Qf8+ Kxe5 31. Qe7+ Qe6 32. f4+ Kd5 33. Qd8+
Qd6 34. Qg8+ Qe6 35. Qd8+ Qd6 36. Qg8+ 1/2-1/2

[Event "Open Alimini A"]
[Site "Otranto ITA"]
[Date "2011.05.23"]
[Round "3"]
[White "Codenotti, Marco"]
[Black "Prakken, Gerrit"]
[WhiteElo "2284"]
[BlackElo "2212"]
[Result "1-0"]
[PlyCount "69"]
[EventDate "2011.05.21"]

1. e4 e5 2. Nf3 Nc6 3. Bb5 a6 4. Ba4 Nf6 5. O-O Bc5 6. c3 b5 7. Bb3 d6 8. d4
Bb6 9. Be3 O-O 10. Nbd2 Bb7 11. Re1 Rb8 12. a3 h6 13. h3 Re8 14. Bc2 Na7 15.
Qb1 c5 16. d5 Nc8 17. c4 b4 18. Ba4 Re7 19. axb4 cxb4 20. c5 Bxc5 21. Bxc5 dxc5
22. Qc2 Nd6 23. Qxc5 Rc7 24. Qa5 Nfxe4 25. Nxe4 Nxe4 26. Bc6 Bxc6 27. dxc6 Ng5
28. Nxe5 Rb5 29. Qxa6 Nxh3+ 30. gxh3 Qg5+ 31. Ng4 h5 32. f4 Qxf4 33. Qxb5 Qg3+
34. Kh1 Qf3+ 35. Kh2 1-0

[Event "Open Alimini A"]
[Site "Otranto ITA"]
[Date "2011.05.23"]
[Round "3"]
[White "Dvirnyy, Danyyil"]
[Black "Piscopo, Pierluigi"]
[WhiteElo "2448"]
[BlackElo "2417"]
[Result "1/2-1/2"]
[PlyCount "29"]
[EventDate "2011.05.21"]

1. e4 e5 2. Nf3 d6 3. d4 exd4 4. Nxd4 Nf6 5. Nc3 Be7 6. g3 d5 7. e5 Ng4 8. Bf4
g5 9. e6 h5 10. exf7+ Kxf7 11. Bc1 Bc5 12. Bg2 Nc6 13. Be3 Nxe3 14. fxe3 Bxd4
15. exd4 1/2-1/2

[Event "Open Alimini A"]
[Site "Otranto ITA"]
[Date "2011.05.23"]
[Round "3"]
[White "Godena, Michele"]
[Black "Lanzani, Mario"]
[WhiteElo "2528"]
[BlackElo "2373"]
[Result "1-0"]
[PlyCount "61"]
[EventDate "2011.05.21"]

1. e4 e5 2. Nf3 Nc6 3. Bc4 Nf6 4. Ng5 d5 5. exd5 Nd4 6. c3 b5 7. Bf1 Nxd5 8.
cxd4 Qxg5 9. Bxb5+ Kd8 10. O-O Rb8 11. Bc6 Nb4 12. d3 Qg6 13. Be4 f5 14. Bf3 e4
15. Bh5 Qf6 16. dxe4 fxe4 17. Nc3 Bf5 18. Qe2 Qxd4 19. Bg5+ Be7 20. Rad1 Nd3
21. Bxe7+ Kxe7 22. Bf3 Rhd8 23. Bxe4 Bxe4 24. Nxe4 Rxb2 25. Qg4 Rb5 26. Rxd3
Qxd3 27. Qxg7+ Ke6 28. Re1 Qe2 29. Qa1 Qc2 30. Qf6+ Kd7 31. Nc5+ 1-0

[Event "Open Alimini A"]
[Site "Otranto ITA"]
[Date "2011.05.23"]
[Round "3"]
[White "Korneev, Oleg"]
[Black "Drazic, Sinisa"]
[WhiteElo "2573"]
[BlackElo "2486"]
[Result "1-0"]
[PlyCount "111"]
[EventDate "2011.05.21"]

1. e4 c6 2. d4 d5 3. Nc3 dxe4 4. Nxe4 h6 5. Nf3 Bf5 6. Bd3 e6 7. O-O Nf6 8.
Nxf6+ Qxf6 9. c4 Na6 10. a3 Bd6 11. Bxf5 Qxf5 12. Qb3 O-O-O 13. Be3 g5 14. Qa4
g4 15. Ne5 Bxe5 16. dxe5 Kb8 17. Rfe1 g3 18. fxg3 Qg4 19. Qc2 h5 20. Qe2 Rhg8
21. Qxg4 Rxg4 22. Rac1 b6 23. Rf1 Re4 24. Rc3 Nc5 25. Bxc5 bxc5 26. Rxf7 Rd2
27. Rb3+ Kc8 28. Rf8+ Kc7 29. Rf7+ Kc8 30. Rbf3 Rxb2 31. Rxa7 Rb1+ 32. Kf2 Rb2+
33. Kf1 Rb1+ 34. Kf2 Rb2+ 35. Kg1 Rb1+ 36. Rf1 Rxf1+ 37. Kxf1 Rxe5 38. Rh7 Re4
39. Rxh5 Rxc4 40. h4 Kd7 41. Rg5 Ra4 42. h5 Rxa3 43. h6 Ra1+ 44. Ke2 Rh1 45.
Rg7+ Kd6 46. h7 Ke5 47. Rf7 c4 48. Kd2 c5 49. g4 Kd4 50. Rd7+ Ke4 51. g5 Kf5
52. Rg7 e5 53. g6 e4 54. Rg8 c3+ 55. Kc2 e3 56. h8=Q 1-0

[Event "Open Alimini A"]
[Site "Otranto ITA"]
[Date "2011.05.23"]
[Round "3"]
[White "La Manna, Andrea"]
[Black "Altini, Nicola"]
[WhiteElo "2199"]
[BlackElo "2206"]
[Result "0-1"]
[PlyCount "38"]
[EventDate "2011.05.21"]

1. d4 d5 2. c4 c6 3. Nc3 Nf6 4. cxd5 cxd5 5. Bf4 Nc6 6. e3 a6 7. Bd3 Bg4 8.
Nge2 e6 9. Rc1 Bd6 10. f3 Bh5 11. Qb3 O-O 12. Na4 e5 13. Bg5 e4 14. Bxf6 Qxf6
15. fxe4 dxe4 16. Bb1 Qg5 17. g3 Bb4+ 18. Kf2 Bxe2 19. Kxe2 Nxd4+ 0-1

[Event "Open Alimini A"]
[Site "Otranto ITA"]
[Date "2011.05.23"]
[Round "3"]
[White "Laketic, Gojko"]
[Black "Naumkin, Igor"]
[WhiteElo "2442"]
[BlackElo "2506"]
[Result "1/2-1/2"]
[PlyCount "30"]
[EventDate "2011.05.21"]

1. d4 Nf6 2. c4 e6 3. Nc3 Bb4 4. e3 c5 5. Nge2 d5 6. cxd5 exd5 7. a3 cxd4 8.
axb4 dxc3 9. Nxc3 O-O 10. b5 Be6 11. Qd4 Nbd7 12. Rxa7 Rxa7 13. Qxa7 b6 14. Be2
Nc5 15. O-O Nb3 1/2-1/2

[Event "Open Alimini A"]
[Site "Otranto ITA"]
[Date "2011.05.23"]
[Round "3"]
[White "Navarro Lopez-Menchero, Daniel"]
[Black "Coimbra, Margarida"]
[WhiteElo "2137"]
[BlackElo "2110"]
[Result "1/2-1/2"]
[PlyCount "124"]
[EventDate "2011.05.21"]

1. e4 e5 2. Nf3 Nc6 3. Bb5 a6 4. Ba4 Nf6 5. O-O b5 6. Bb3 Bc5 7. c3 d6 8. d4
Bb6 9. Re1 Bb7 10. Bg5 h6 11. Bh4 O-O 12. Qd3 Re8 13. Nbd2 Na5 14. Bc2 c5 15.
d5 c4 16. Qe2 Qe7 17. Nf1 Bd8 18. Ne3 Qc7 19. Nd2 Nh7 20. Bxd8 Raxd8 21. Qf3
Bc8 22. a4 Bd7 23. axb5 axb5 24. Qg3 Nf6 25. Nf3 Nb7 26. Nh4 Kh7 27. Nhf5 Bxf5
28. Nxf5 g6 29. Nh4 Nc5 30. f4 Nh5 31. Qf3 Nxf4 32. Rf1 Ra8 33. g3 Rxa1 34.
Rxa1 Nh3+ 35. Kh1 Ng5 36. Qg4 Qc8 37. Qe2 Re7 38. Ng2 Kg7 39. Kg1 Rb7 40. h4
Nh7 41. Ne3 Nf6 42. Qf3 h5 43. Kg2 Qd7 44. Rf1 Qe7 45. Kg1 Ra7 46. Bb1 Nb3 47.
Qg2 Nc5 48. Qf3 Ncd7 49. Nc2 Ng4 50. Nb4 Nb8 51. Kg2 Qc7 52. Re1 Nd7 53. Bc2
Ndf6 54. Rf1 Qb6 55. Re1 Ra5 56. Qe2 Qb7 57. Rf1 Qa8 58. Re1 Ra1 59. Bb1 Qa7
60. Nc2 Ra5 61. Nb4 Ra1 62. Nc2 Ra5 1/2-1/2

[Event "Open Alimini A"]
[Site "Otranto ITA"]
[Date "2011.05.23"]
[Round "3"]
[White "O'Leary, Matt"]
[Black "Ambrosanio, Raffaele"]
[WhiteElo "2007"]
[BlackElo "1956"]
[Result "0-1"]
[PlyCount "78"]
[EventDate "2011.05.21"]

1. e4 d6 2. d4 Nf6 3. Nc3 g6 4. Nf3 Bg7 5. Be2 c6 6. O-O O-O 7. Bg5 b5 8. a3 h6
9. Be3 Nbd7 10. Qd2 Ng4 11. h3 Nxe3 12. fxe3 a6 13. Bd3 Bb7 14. Ne2 e5 15. c3
Qe7 16. Rad1 Rad8 17. Bc2 Nb6 18. b3 d5 19. Ng3 dxe4 20. Nxe4 Nd7 21. b4 f5 22.
Nc5 Nxc5 23. bxc5 Bc8 24. Qf2 e4 25. Nh4 Kh7 26. g3 Be6 27. Kh2 Bf6 28. Ng2 g5
29. g4 fxg4 30. Bxe4+ Kg7 31. Qg1 Qc7+ 32. Kh1 g3 33. h4 Be7 34. hxg5 hxg5 35.
Rxf8 Rxf8 36. Qe1 Bd8 37. Bd3 Rf2 38. Rd2 Rxd2 39. Qxd2 Qf7 0-1

[Event "Open Alimini A"]
[Site "Otranto ITA"]
[Date "2011.05.23"]
[Round "3"]
[White "Palmitessa, Chiara"]
[Black "Orsi, Massimiliano"]
[WhiteElo "1927"]
[BlackElo "2037"]
[Result "1/2-1/2"]
[PlyCount "114"]
[EventDate "2011.05.21"]

1. e4 e5 2. Nf3 Nc6 3. Bc4 Bc5 4. O-O Nf6 5. d4 exd4 6. e5 d5 7. exf6 dxc4 8.
Re1+ Be6 9. fxg7 Rg8 10. Ng5 Qd5 11. Nc3 Qf5 12. Nce4 O-O-O 13. g4 Qe5 14. Nxe6
fxe6 15. Nxc5 Qxc5 16. Bh6 Qd6 17. Qe2 e5 18. g5 d3 19. cxd3 Nd4 20. Qg4+ Qd7
21. Re4 Qxg4+ 22. Rxg4 cxd3 23. Rd1 Nf5 24. Re4 Nxh6 25. gxh6 Rd6 26. Rxe5 Rxh6
27. Rg5 Rg6 28. Rxg6 hxg6 29. Rxd3 Rxg7 30. Kg2 Rd7 31. Rb3 c5 32. h4 a6 33.
Kg3 b5 34. Rc3 Rd5 35. Kf4 Rf5+ 36. Kg3 Kc7 37. Re3 Rd5 38. Re6 Rd6 39. Re2 Rd5
40. Re6 Rd6 41. Re2 c4 42. Kg4 Kc6 43. h5 gxh5+ 44. Kxh5 Kd5 45. Rd2+ Ke6 46.
Rxd6+ Kxd6 47. Kg4 Ke6 48. Kf4 Kd5 49. Ke3 Ke5 50. a3 a5 51. f4+ Kd5 52. f5 b4
53. axb4 axb4 54. f6 Ke6 55. Kd4 c3 56. bxc3 bxc3 57. Kxc3 Kxf6 1/2-1/2

[Event "Open Alimini A"]
[Site "Otranto ITA"]
[Date "2011.05.23"]
[Round "3"]
[White "Plachkinova, Tatjana"]
[Black "Antkowiak, Grzegorz"]
[WhiteElo "2137"]
[BlackElo "2211"]
[Result "1-0"]
[PlyCount "59"]
[EventDate "2011.05.21"]

1. d4 d5 2. c4 e6 3. Nc3 Nf6 4. Nf3 Be7 5. cxd5 exd5 6. Bf4 c6 7. Qc2 O-O 8. e3
Re8 9. Bd3 Nbd7 10. O-O-O Nf8 11. Ne5 Bd6 12. h3 Qe7 13. g4 N6d7 14. Nf3 Bxf4
15. exf4 Qd6 16. Qd2 Nb6 17. f5 Nc4 18. Bxc4 dxc4 19. Ne5 b5 20. Ne4 Qd5 21.
Rhe1 f6 22. Nc3 Qd6 23. Nxc4 Qd8 24. Rxe8 Qxe8 25. Nd6 Qd8 26. Nce4 Bd7 27. Qc3
Be8 28. Qb3+ Kh8 29. Nxe8 Qxe8 30. Nd6 1-0

[Event "Open Alimini A"]
[Site "Otranto ITA"]
[Date "2011.05.23"]
[Round "3"]
[White "Quaranta, Cristiano"]
[Black "Boffa, Mauro"]
[WhiteElo "2110"]
[BlackElo "2126"]
[Result "1/2-1/2"]
[PlyCount "39"]
[EventDate "2011.05.21"]

1. d4 f5 2. Nf3 Nf6 3. g3 g6 4. Bg2 d6 5. O-O Bg7 6. b3 O-O 7. Bb2 Qe8 8. c4
Na6 9. Nbd2 Rb8 10. Rb1 Bd7 11. Re1 c5 12. d5 b5 13. Ng5 Nc7 14. e4 Nxe4 15.
Ndxe4 fxe4 16. Bxg7 Kxg7 17. Bxe4 h6 18. Ne6+ Bxe6 19. dxe6 Rf6 20. Bd5 1/2-1/2

[Event "Open Alimini A"]
[Site "Otranto ITA"]
[Date "2011.05.23"]
[Round "3"]
[White "Shytaj, Luca"]
[Black "Brunello, Marina"]
[WhiteElo "2494"]
[BlackElo "2177"]
[Result "1-0"]
[PlyCount "57"]
[EventDate "2011.05.21"]

1. e4 c5 2. Nf3 d6 3. d4 cxd4 4. Nxd4 Nf6 5. Nc3 a6 6. h3 e5 7. Nde2 h5 8. Bg5
Be7 9. Qd2 Be6 10. Ng3 Nc6 11. O-O-O Rc8 12. Nf5 Bxf5 13. exf5 Nd4 14. f4 b5
15. Bxf6 Bxf6 16. Kb1 b4 17. Ne4 Qb6 18. Bd3 a5 19. g4 Be7 20. fxe5 dxe5 21. g5
f6 22. gxf6 gxf6 23. Qg2 a4 24. Nd2 Qc5 25. Nf3 a3 26. Nxd4 exd4 27. Rhe1 axb2
28. Qg7 Kd7 29. Bb5+ 1-0

[Event "Open Alimini A"]
[Site "Otranto ITA"]
[Date "2011.05.23"]
[Round "3"]
[White "Thorfinnsson, Bjorn"]
[Black "Pizzuto, Samuele Tullio"]
[WhiteElo "2415"]
[BlackElo "2136"]
[Result "1-0"]
[PlyCount "65"]
[EventDate "2011.05.21"]

1. c4 Nc6 2. g3 e5 3. Bg2 f5 4. Nc3 Bb4 5. Nd5 Bc5 6. e3 Nf6 7. Ne2 d6 8. d4
Bb6 9. b4 Nxd5 10. cxd5 Ne7 11. dxe5 dxe5 12. a4 a5 13. Bb2 Ng6 14. h4 Qe7 15.
Nc3 axb4 16. Nb5 O-O 17. h5 Nh8 18. h6 g6 19. d6 cxd6 20. Nxd6 Rd8 21. Qd5+ Nf7
22. Nxc8 Raxc8 23. Qb3 e4 24. a5 Rd3 25. Qa4 Bc5 26. Bf1 Rcd8 27. Bxd3 exd3 28.
O-O-O Qe6 29. Rd2 Nd6 30. Rxd3 Qc4+ 31. Qc2 Qb5 32. Qb3+ Kf8 33. Qe6 1-0

[Event "Open Alimini A"]
[Site "Otranto ITA"]
[Date "2011.05.23"]
[Round "3"]
[White "Virzi, Ettore"]
[Black "Du Plessis, Heinco"]
[WhiteElo "1963"]
[BlackElo "2120"]
[Result "1/2-1/2"]
[PlyCount "84"]
[EventDate "2011.05.21"]

1. e4 c5 2. Nf3 d6 3. d4 cxd4 4. Nxd4 Nf6 5. Nc3 a6 6. Bg5 e6 7. f4 Nc6 8. e5
dxe5 9. Nxc6 Qxd1+ 10. Rxd1 bxc6 11. fxe5 Nd7 12. Ne4 Bb7 13. Nd6+ Bxd6 14.
exd6 c5 15. Kf2 Nf6 16. Bd3 Kd7 17. Rhe1 Rac8 18. b3 h6 19. Bxf6 gxf6 20. Be4
Bc6 21. Rd2 f5 22. Bxc6+ Rxc6 23. Red1 Rb8 24. Rd3 Rbb6 25. Rh3 Rxd6 26. Rxd6+
Rxd6 27. Ke2 e5 28. Rc3 Rc6 29. Rf3 f4 30. g3 fxg3 31. Rxf7+ Ke8 32. Rf3 gxh2
33. Rh3 Rg6 34. Rxh2 Ke7 35. Ke3 Ke6 36. Ke4 Rg4+ 37. Ke3 Rg6 38. Ke4 a5 39. a4
Rg4+ 40. Ke3 Rg6 41. Ke4 Rf6 42. Rh3 Rg6 1/2-1/2

[Event "Open Alimini A"]
[Site "Otranto ITA"]
[Date "2011.05.24"]
[Round "4"]
[White "Ambrosanio, Raffaele"]
[Black "La Manna, Andrea"]
[WhiteElo "1956"]
[BlackElo "2199"]
[Result "0-1"]
[PlyCount "74"]
[EventDate "2011.05.21"]

1. c4 f5 2. Nf3 Nf6 3. g3 g6 4. b4 Bg7 5. Bb2 d6 6. Bg2 e5 7. d3 O-O 8. O-O h6
9. Nbd2 g5 10. c5 Nc6 11. cxd6 cxd6 12. b5 Ne7 13. Qb3+ Kh8 14. Rac1 Ng6 15.
Nc4 Be6 16. Nfd2 Qd7 17. Qb4 Rad8 18. Ba3 d5 19. Na5 f4 20. Ndb3 Bh3 21. Nc5
Qg4 22. Bf3 Qf5 23. Ncxb7 e4 24. dxe4 dxe4 25. Bg2 Bxg2 26. Kxg2 f3+ 27. exf3
exf3+ 28. Kh1 Qh3 29. Rg1 Ng4 30. Qxg4 Qxg4 31. Nc6 Rd2 32. Bc5 Ne5 33. Nxe5
Bxe5 34. Be3 Re2 35. Bxa7 Qd7 36. Bc5 Rc8 37. Bd6 Rxc1 0-1

[Event "Open Alimini A"]
[Site "Otranto ITA"]
[Date "2011.05.24"]
[Round "4"]
[White "Boffa, Mauro"]
[Black "Brunello, Marina"]
[WhiteElo "2126"]
[BlackElo "2177"]
[Result "0-1"]
[PlyCount "128"]
[EventDate "2011.05.21"]

1. d4 Nf6 2. c4 e6 3. Nc3 c5 4. d5 exd5 5. cxd5 d6 6. e4 g6 7. Bd3 Bg7 8. Nge2
a6 9. a4 Nbd7 10. f4 O-O 11. O-O Rb8 12. Ng3 Qc7 13. a5 b5 14. axb6 Rxb6 15.
Ra4 Qa7 16. Kh1 Rb4 17. Re1 Nb6 18. Nb5 Qe7 19. Rxb4 cxb4 20. Be3 axb5 21. Bxb6
Ng4 22. Be2 Nxh2 23. Bg1 Ng4 24. Bxg4 Qh4+ 25. Bh2 Bxg4 26. Qd2 b3 27. e5 dxe5
28. fxe5 Re8 29. Qf4 h5 30. Re3 Qe7 31. Ne4 Bf5 32. Nd6 Rd8 33. Bg3 Qc7 34. Kh2
Bg4 35. e6 fxe6 36. dxe6 h4 37. Qxg4 hxg3+ 38. Qxg3 Qe7 39. Nxb5 Rd5 40. Qb8+
Bf8 41. Nc3 Rh5+ 42. Kg1 Qc5 43. Kf2 Rf5+ 44. Ke2 Qc4+ 45. Kd2 Rf2+ 46. Re2
Qd4+ 47. Ke1 Rf4 48. Qxb3 Be7 49. Nd5 Qg1+ 50. Kd2 Qd4+ 51. Kc2 Qc5+ 52. Nc3
Qf5+ 53. Kc1 Rf1+ 54. Nd1 Bg5+ 55. Re3 Qc5+ 56. Kd2 Rxd1+ 57. Kxd1 Qxe3 58. Qd5
Kg7 59. Qd7+ Kh6 60. Kc2 Qe2+ 61. Kb3 Bf6 62. Ka4 Qxb2 63. e7 Qc2+ 64. Kb5 Qe2+
0-1

[Event "Open Alimini A"]
[Site "Otranto ITA"]
[Date "2011.05.24"]
[Round "4"]
[White "Codenotti, Marco"]
[Black "Thorfinnsson, Bjorn"]
[WhiteElo "2284"]
[BlackElo "2415"]
[Result "1/2-1/2"]
[PlyCount "88"]
[EventDate "2011.05.21"]

1. e4 e5 2. Nf3 Nc6 3. Bb5 Nf6 4. O-O Nxe4 5. d4 Nd6 6. dxe5 Nxb5 7. a4 d6 8.
e6 Bxe6 9. axb5 Ne5 10. Nd4 g5 11. Nxe6 fxe6 12. Qh5+ Kd7 13. Bxg5 Be7 14. f4
Ng6 15. Bxe7 Nxe7 16. Nc3 Qf8 17. Qf3 Qf5 18. Qxb7 Rhb8 19. Qf3 Qxc2 20. Rf2
Qf5 21. Qe3 Nd5 22. Qf3 Rb6 23. Rd2 Qxf4 24. Nxd5 Qxf3 25. gxf3 exd5 26. Rxd5
a6 27. bxa6 Raxa6 28. Rxa6 Rxa6 29. Rh5 c5 30. Rxh7+ Kc6 31. Rh8 Rb6 32. Kf2
Rxb2+ 33. Kg3 c4 34. Rc8+ Kd5 35. h4 Rb1 36. h5 Rh1 37. Kg4 Kd4 38. Kg5 c3 39.
h6 Kd3 40. Rd8 c2 41. Rxd6+ Ke3 42. Rc6 c1=Q 43. Rxc1 Rxc1 44. h7 Rh1 1/2-1/2

[Event "Open Alimini A"]
[Site "Otranto ITA"]
[Date "2011.05.24"]
[Round "4"]
[White "Conquest, Stuart C."]
[Black "Glek, Igor V."]
[WhiteElo "2532"]
[BlackElo "2424"]
[Result "1-0"]
[PlyCount "71"]
[EventDate "2011.05.21"]

1. d4 Nf6 2. c4 g6 3. Nc3 Bg7 4. e4 d6 5. h3 O-O 6. Bg5 a6 7. Nf3 c5 8. dxc5
Qa5 9. Bd3 dxc5 10. O-O Nc6 11. a3 Nd7 12. Rc1 e6 13. Bh4 Qc7 14. Qd2 b6 15.
Bb1 Bb7 16. Ne2 Nde5 17. Nxe5 Qxe5 18. Nc3 Nd4 19. Rcd1 b5 20. f4 Qc7 21. Kh1
bxc4 22. Ba2 f5 23. e5 Bd5 24. Nxd5 exd5 25. Bf2 Rfd8 26. Bxd4 cxd4 27. Qxd4
Rab8 28. Rd2 Bf8 29. Rfd1 Qa5 30. Qe3 Qb5 31. Qc3 Rbc8 32. Rd4 Be7 33. Qd2 Kf8
34. Kh2 Rb8 35. Rxd5 Rxd5 36. Qxd5 1-0

[Event "Open Alimini A"]
[Site "Otranto ITA"]
[Date "2011.05.24"]
[Round "4"]
[White "Drazic, Sinisa"]
[Black "Shytaj, Luca"]
[WhiteElo "2486"]
[BlackElo "2494"]
[Result "1/2-1/2"]
[PlyCount "112"]
[EventDate "2011.05.21"]

1. e4 c5 2. Nf3 d6 3. c3 Nf6 4. Be2 Bg4 5. O-O e6 6. Re1 Be7 7. h3 Bh5 8. d4
O-O 9. e5 dxe5 10. Nxe5 Bxe2 11. Qxe2 cxd4 12. Rd1 Qb6 13. Rxd4 Nc6 14. Nxc6
Qxc6 15. Nd2 Rfd8 16. Nb3 Rxd4 17. Nxd4 Qd5 18. Be3 Rd8 19. c4 Qe4 20. Nb5 h5
21. Nxa7 Bc5 22. Nb5 Bxe3 23. Qxe3 Qxc4 24. Nc3 h4 25. Rc1 Rd3 26. Qg5 Qd4 27.
Nb5 Qd8 28. Qxh4 Rd1+ 29. Rxd1 Qxd1+ 30. Kh2 Qe2 31. a4 Qxb2 32. Qf4 Qa2 33.
Qd4 e5 34. Qa7 Qd2 35. Qb8+ Kh7 36. Qxe5 Qxf2 37. Nd6 Qh4 38. Qf5+ Kg8 39. a5
Qb4 40. Qe5 Qh4 41. Kh1 Qb4 42. Nf5 Qe4 43. Qc5 g6 44. Ne3 Qf4 45. Qc8+ Kg7 46.
Qc3 Kg8 47. Qc8+ Kg7 48. Qc3 Kg8 49. Qe1 Qe5 50. Qd2 Ne4 51. Qd8+ Kg7 52. Qb6
Qa1+ 53. Kh2 Qe5+ 54. Kg1 Qa1+ 55. Kh2 Qe5+ 56. Kg1 Qa1+ 1/2-1/2